Mass communication : (Record no. 59399)

MARC details
000 -LEADER
fixed length control field 00667nam a22002177a 4500
005 - DATE AND TIME OF LATEST TRANSACTION
control field 20260519160212.0
008 - FIXED-LENGTH DATA ELEMENTS--GENERAL INFORMATION
fixed length control field 111213t xxu||||| |||| 00| 0 eng d
010 ## - LCCN (DPL NO)
LC control number ENG-104320 ENG-148547
020 ## - INTERNATIONAL STANDARD BOOK NUMBER
International Standard Book Number 9788186208700
Terms of availability 1150.00
035 ## - SYSTEM CONTROL NUMBER
System control number EN -87853
035 ## - SYSTEM CONTROL NUMBER
System control number EN-132079
037 ## - SOURCE OF ACQUISITION
Source of stock number/acquisition DBAD/PUB
040 ## - CATALOGING SOURCE
Original cataloging agency DPL
Language of cataloging Eng
082 ## - DEWEY DECIMAL CLASSIFICATION NUMBER
Classification number 302.2
100 ## - MAIN ENTRY--PERSONAL NAME
9 (RLIN) 36352
Personal name Gupta, Monu Rani
245 ## - TITLE STATEMENT
Title Mass communication :
Statement of responsibility, etc by Monu Rani Gupta
Remainder of title a simple approach /
260 ## - PUBLICATION, DISTRIBUTION, ETC. (IMPRINT)
Place of publication, distribution, etc New Delhi
Name of publisher, distributor, etc Raj Publications
Date of publication, distribution, etc 2010
270 ## - ADDRESS
Address 108,4855/24, Ansari Road Daryaganj
City New Delhi
Postal code 110002
300 ## - PHYSICAL DESCRIPTION
Extent 558p.
Dimensions 23cm(Hb)
942 ## - ADDED ENTRY ELEMENTS (KOHA)
Source of classification or shelving scheme Dewey Decimal Classification
Item type English Books
Call number suffix GUP
Classification part 302.2
Holdings
Withdrawn status Lost status Source of classification or shelving scheme Damaged status Not for loan Collection code Home library Current library Date acquired Source of acquisition Cost, normal purchase price Total Checkouts Full call number Barcode Date last seen Copy number Cost, replacement price Koha item type
    Dewey Decimal Classification   Not For Loan Non-fiction D.B.Act.Division D.B.Act.Division 13/12/2011 DBAD / PUB 1150.00   302.2 GUP EN -87853 13/12/2011 1 1150.00 English Books
    Dewey Decimal Classification   Not For Loan Non-fiction D.B.Act.Division D.B.Act.Division 19/05/2026 Delivery of Books Act Division 1150.00   GUP 302.2 EN-132079 19/05/2026 1 1150.00 English Books

© Delhi Public Library
Hit Counter
free hit counter